000 00614nam a2200193Ia 4500
008 151119s9999||||xx |||||||||||||| ||und||
082 _a808.88
082 _bGKKV21522
100 _aशेळके शान्ता
245 _aसुवर्णमुद्रा
260 _aपुणे
260 _bमेहता पब्लीशिग हाउस
260 _c2002
600 _aशेळके शान्ता
630 _aसुवर्णमुद्रा
700 _aशेळके शान्ता
730 _aसुवर्णमुद्रा
942 _cBOOK
999 _c1074337
_d1074334